Test Bank to Accompany Management for Productivity

Salvato in:
Dettagli Bibliografici
Natura: Libro
Lingua:inglese
Pubblicazione: New York Wiley 1989
Edizione:1. ed.
Soggetti:
Tags: Aggiungi Tag
Nessun Tag, puoi essere il primo ad aggiungerne!!

MARC

LEADER 00000nam a2200000 4500
001 c010536
005 20221215114533.0
020 |a 0-471-62204-4 
041 0 |a eng 
044 |a US 
245 1 0 |a Test Bank to Accompany Management for Productivity 
250 |a 1. ed. 
264 1 |a New York  |b Wiley  |c 1989 
300 |a 493 s. 
610 2 0 |a manažment 
610 2 0 |a produktivita 
610 2 0 |a manažéri 
610 2 0 |a rozhodovanie 
610 2 0 |a plánovanie strategické 
610 2 0 |a nástroje riadenia 
610 2 0 |a kontrola 
610 2 0 |a systémy informačné manažérske 
610 2 0 |a etika 
610 2 0 |a práca riadiaca 
610 2 0 |a testy 
610 2 0 |a procesy rozhodovacie